书目信息 |
| 题名: |
李尔王
|
|
| 作者: | 莎士比亚 著 ;贝特 , 拉斯马森 , 辜正坤 , 彭镜禧 主编 | |
| 分册: | ||
| 出版信息: | 北京 外语教学与研究出版社 2019.04 |
|
| 页数: | 29, 349页 | |
| 开本: | 24cm | |
| 丛书名: | 莎士比亚四大悲剧 | |
| 单 册: | ||
| 中图分类: | H319.4 | |
| 科图分类: | ||
| 主题词: | 悲剧--bei ju--剧本--英国--中世纪--英语--汉语--对照读物 | |
| 电子资源: | ||
| ISBN: | 978-7-5213-0810-5 | |
| 000 | 01565nam 2200325 450 | |
| 001 | 202019135733 | |
| 005 | 20191007123108.0 | |
| 010 | @a978-7-5213-0810-5@b精装@dCNY75.00 | |
| 100 | @a20191004d2019 em y0chiy50 ea | |
| 101 | 1 | @achi@aeng@ceng |
| 102 | @aCN@b110000 | |
| 105 | @aa z 000by | |
| 106 | @ar | |
| 200 | 1 | @a李尔王@Ali er wang@d= The tragedy of King Lear@f(英) William Shakespeare著@g英文主编 (英) Jonathan Bate, (美) Eric Rasmussen@g汉译主编辜正坤@g彭镜禧译@zeng |
| 210 | @a北京@c外语教学与研究出版社@d2019.04 | |
| 215 | @a29, 349页@c图@d24cm | |
| 225 | 2 | @a莎士比亚四大悲剧@Asha shi bi ya si da bei ju@e精装典藏版 |
| 314 | @aShakespeare的规范汉译姓: 莎士比亚 Bate的规范汉译姓: 贝特 Rasmussen的规范汉译姓: 拉斯马森 | |
| 330 | @a本书讲述了: 年老昏聩的李尔王想把把国土分给3个女儿, 口蜜腹剑的大女儿和二女儿瓜分了国土, 小女儿却因不愿奉承他而一无所得。法兰西国王慧眼识人, 娶小女儿为皇后。李尔王离位后, 大女儿和二女儿把他赶出家门, 可怜的李尔王沦落为叫花子。小女儿得知后率军攻打两个姐姐, 却不幸失败。 | |
| 410 | 0 | @12001 @a莎士比亚四大悲剧 (精装典藏版) |
| 500 | 10 | @aTragedy of King Lear@mChinese |
| 606 | 0 | @a悲剧@Abei ju@x剧本@y英国@z中世纪@x英语@x汉语@j对照读物 |
| 690 | @aH319.4@v5 | |
| 701 | 1 | @a莎士比亚@Asha shi bi ya@g(Shakespeare, William),@f1564-1616@4著 |
| 702 | 1 | @a贝特@Abei te@g(Bate, Jonathan)@4主编 |
| 702 | 1 | @a拉斯马森@Ala si ma sen@g(Rasmussen, Eric)@4主编 |
| 702 | 0 | @a辜正坤@Agu zheng kun@4主编 |
| 702 | 0 | @a彭镜禧@Apeng jing xi@4译 |
| 801 | 0 | @aCN@c20190905 |
| 905 | @a河南城建学院图书馆@dH319.4@eS071-5 | |
| 李尔王= The tragedy of King Lear/(英) William Shakespeare著/英文主编 (英) Jonathan Bate, (美) Eric Rasmussen/汉译主编辜正坤/彭镜禧译.-北京:外语教学与研究出版社,2019.04 |
| 29, 349页:图;24cm.-(莎士比亚四大悲剧:精装典藏版) |
| ISBN 978-7-5213-0810-5(精装):CNY75.00 |
| 本书讲述了: 年老昏聩的李尔王想把把国土分给3个女儿, 口蜜腹剑的大女儿和二女儿瓜分了国土, 小女儿却因不愿奉承他而一无所得。法兰西国王慧眼识人, 娶小女儿为皇后。李尔王离位后, 大女儿和二女儿把他赶出家门, 可怜的李尔王沦落为叫花子。小女儿得知后率军攻打两个姐姐, 却不幸失败。 |
| ● |
| 相关链接 |
|
|
|
正题名:李尔王
索取号:H319.4/S071-5
 
预约/预借
| 序号 | 登录号 | 条形码 | 馆藏地/架位号 | 状态 | 备注 |
| 1 | 1444720 | 214447204 | 语言库209/209语言库 48排3列1层/ [索取号:H319.4/S071-5] | 在馆 |